EL PROTESTANTISMO EN MEXICO

Պահպանված է:
Մատենագիտական մանրամասներ
Համատեղ հեղինակ: Varios
Ձևաչափ: Գիտաժողովի նյութեր Գիրք
Ցուցիչներ: Ավելացրեք ցուցիչ
Չկան պիտակներ, Եղեք առաջինը, ով նշում է այս գրառումը!

MARC

LEADER 00000nam^a2200000^a^4500
001 000213542
005 20250521000000.0
009 20260310103529.064
035 |a 036080 
037 |a Acervo Xavier Clavigero 
082 |a 266. VAR 
111 1 |a Varios 
245 1 3 |a EL PROTESTANTISMO EN MEXICO 
264 |a México :  |b Buena Prensa,  |c 1946 
300 |a 173p. 
336 |a texto  |b txt  |2 rdacontenido 
337 |a sin mediación  |b n  |2 rdamedio 
338 |a volumen  |b nc  |2 rdasoporte 
649 |a XX 
910 |a Fondo General 
920 |a Impresos - Libros 
930 |a Colección General 
905 |a 101 
901 |a 036080  |b IT1  |c ACC  |i 036080  |u 20250521 
902 |a https://opac.biblio.iteso.mx/vufind/Record/000213542